000 03884nam0a2200493 4500
001 RU\NLR\bibl\1350765
005 20260407142259.0
010 _a978-5-7925-0258-1
_bв пер.
_9200
021 _aRU
_b2009-6686
_9384
035 _a(nilc)RSL-KNO-004244608
035 _a(NLR Aleph) 001335858
090 _a829657
_c829657
100 _a20090225d2008 |||y0rusy50 ca
101 0 _arus
102 _aRU
105 _aa |||||||||
200 1 _aТрадиционный фольклор старообрядцев Бурятии (семейских) в современном бытовании
_e(по материалам полевых исследований конца XX - начала ХХI в.)
_f[Руфина Прокопьевна Матвеева, Елена Леонардовна Тихонова, Наталья Александровна Миронова и др.
_gотв. ред. д.филол.н. Р. П. Матвеева]
_gРоссийская акад. наук, Сибирское отд-ние, Ин-т монголоведения, буддологии и тибетологии
210 _aУлан-Удэ
_cИзд-во Бурятского научного центра СО РАН
_d2008
215 _a315 с., [6] цв. ил.
_cил., табл.
_d24
300 _aАвт. указаны перед вып. дан.
320 _aБиблиогр. в тексте и в подстроч. примеч.
320 _aУказ. сюжетов и мотивов мифологических рассказов: с. 188-192
320 _aУказ. сюжетов / мотвов христианских легенд: с. 213-214
320 _aГеогр. указ. мест записи текстов: с. 310-315
606 1 _aСемейских фольклор
_91549966
_3RU\NLR\auth\66977668
606 1 _aРусский фольклор
_yЗабайкалье
_91233810
_3RU\NLR\auth\66185636
610 0 _aФилологические науки. Художественная литература -- Фольклор. Фольклористика -- Российская Федерация -- Русский фольклор -- Произведения фольклора и их исследования -- Фольклор социальных, профессиональных групп населения
610 0 _aФилологические науки. Художественная литература -- Фольклор. Фольклористика -- Российская Федерация -- Русский фольклор -- Произведения фольклора и их исследования -- Произведения фольклора и их исследования -- Фольклор отдельных местностей
610 0 _aфольклор старообрядцев
686 _aШ3(2=1Р)-697старообрядцы
_2rubbk
686 _aШ3(2=1Р)-699Бурятия
_2rubbk
686 _aШ3(2=1Р)-307
686 _aШ3(2=1Р)-699Сибирь
701 1 _4070
_8rus
_7ca
_aМатвеева
_bР. П.
_cд-р филол. наук
_gРуфина Прокопьевна
_3RU\NLR\auth\7778067
_960995
701 1 _4070
_8rus
_7ca
_aТихонова
_bЕ. Л.
_cканд. филол. наук
_gЕлена Леонардовна
_3RU\NLR\auth\7778068
_960996
701 1 _4070
_8rus
_7ca
_aМиронова
_bН. А.
_cканд. филол. наук, фольклористика
_gНаталья Александровна
_3RU\NLR\auth\7777328
_960256
712 0 2 _4570
_aИнститут монголоведения, буддологии и тибетологии
_cУлан-Удэ
_3RU\NLR\AUTH\8810011816
_9521359
801 0 _aRU
_bРКП
_c20090225
_grcr
801 1 _aRU
_bРГБ
_c20090225
801 2 _aRU
_bNLR
_c20090402
_grcr
942 _cBOOK
980 _aNB
980 _aNBR